| 000 | 00768nam a2200217 i 4500 | ||
|---|---|---|---|
| 001 | 189061 | ||
| 003 | SpMaBN | ||
| 005 | 20240125063200.0 | ||
| 008 | 190326s2015 xxu |||| | eng d | ||
| 020 | _a978-1-4209-5210-0 | ||
| 080 | _a821.111(415)-31"19" | ||
| 100 | 1 |
_aJoyce, James, _d1882-1941 _967077 |
|
| 245 | 1 | 2 |
_aA portrait of the artist as a young man / _cby James Joyce ; introduction by Fallon Evans. |
| 260 |
_a[Kansas City] : _bDigireads, _c[2015] |
||
| 300 |
_a194 p. ; _c22 cm. |
||
| 700 | 1 |
_aEvans, Fallon. _9166698 |
|
| 852 |
_aES-MaACL _jA-14446 _9196198 _bR.151806 _cDEPO1 _dOlim: N-7446 _hDonación: Embajada de Irlanda |
||
| 914 |
_9234032 _aEmbajada de Irlanda en España _ednr |
||
| 942 |
_2udc _cMONOGRAFIA |
||
| 999 |
_c189061 _d189061 |
||